000 00910nam a2200241 i 4500
001 63727
003 ES-MaACL
005 20250818063040.0
007 t|
008 031216s1921 fr ||||1| fre d
040 _cES-MaACL
080 _a547.97
100 1 _aFierz, Hans Edouard.
_950722
245 1 0 _aOperations fondamentales de la chimie des colorants /
_cpar Hans Edouard Fierz ; traduction française par Camille G. Vernet ; avec 17 figures dans le texte et 19 planches hors texte
260 _aParis :
_bAttinger frères,
_c1921
_e(Tours :
_fE. Arrault et Cie.)
300 _aXV, 328 páginas, 19 láminas :
_bilustraciones (blanco y negro) ;
_c24 cm
650 7 _aColorantes
_2embne
_9136931
700 1 _aVernet, Camille G.
_etrl
_9114170
852 4 _aES-MaACL
_bR.22881
_cDEPO2
_jE-1991
942 _cMONOGRAFIA
_n0
999 _c63727
_d63727